Los siete mayores poetas del México moderno : edición adaptada a la enseñanza secundaria /

Antología de siete poetas mexicanos, seleccionados por el jesuita zacatecano Adalberto Valenzuela Rodarte en tanto autores mayores del México moderno, en una edición didáctica preparada para estudiantes de educación secundaria: el capitalino Manuel Gutiérrez Nájera (1859-1895), el potosino Manuel Jo...

Fuld beskrivelse

Guardado en:
Bibliografiske detaljer
Hovedforfatter: Valenzuela Rodarte, Adalberto (selección, introducción y notas)
Format: Bog
Sprog:spansk
Udgivet: México : Trillas, 1968, c1968
Fag:
Tags: Tilføj Tag
Ingen Tags, Vær først til at tagge denne postø!

MARC

LEADER 00000nam^a2200000^a^4500
001 000629718
005 20260408000000.0
009 20260409133035.847
037 |a Acervo Xavier Clavigero 
041 |a ESP 
082 |a 861.  |b VAL 
100 |a Valenzuela Rodarte, Adalberto  |e (selección, introducción y notas) 
240 1 5 |a [Los siete mayores poetas del México moderno] 
245 1 4 |a Los siete mayores poetas del México moderno :  |b edición adaptada a la enseñanza secundaria /  |c Selec., introd. y notas de A. Valenzuela Rodarte. 
246 2 |a Título en la cubierta: Los siete mayores poetas del México moderno: antología didáctica 
264 4 |a México :  |b Trillas,  |c 1968, c1968 
300 |a 402 p. 
336 |a texto  |b txt  |2 rdacontenido 
337 |a sin mediación  |b n  |2 rdamedio 
338 |a volumen  |b nc  |2 rdasoporte 
520 |a Antología de siete poetas mexicanos, seleccionados por el jesuita zacatecano Adalberto Valenzuela Rodarte en tanto autores mayores del México moderno, en una edición didáctica preparada para estudiantes de educación secundaria: el capitalino Manuel Gutiérrez Nájera (1859-1895), el potosino Manuel José Othón (1858-1906), el veracruzano Salvador Díaz Mirón (1853-1928), el nayarita Amado Nervo (1870-1919), el capitalino Luis G. Urbina (1864-1934), el zacatecano Ramón López Velarde (1888-1921) y el tapatío Enrique González Martínez (1871-1952). 
561 |a Ex libris de Bibl. Domus Probationis Sancti Ioseph 
561 |a Ex libris de Bibl. Iunioratus Dom. Prob. S. Ioseph. 
561 |a Ex libris de Instituto de Literatura Puente Grande Jal. 
649 |a XX 
650 |a Escritores Mexicanos -  |x Biografías 
650 |a Poesía Mexicana 
650 |a Literatura Mexicana -  |y Siglo XIX 
650 |a Literatura Mexicana -  |y Siglo XX 
650 |a Literatura Mexicana -  |x Estudio y Enseñanza 
650 |a Literatura Mexicana -  |x Historia y Crítica 
650 |a Díaz Mirón, Salvador 
650 |a González Martínez, Enrique 
650 |a Gutiérrez Nájera, Manuel 
650 |a López Velarde, Ramón 
600 |a Nervo, Amado 
650 |a Othón, Manuel José 
600 |a Urbina, Luis G. 
910 |a Fondo General 
920 |a Impresos - Libros 
930 |a Colección General 
940 |a Literatura 
905 |a 101 
901 |a 026888  |b IT1  |c LIT  |i 026888  |u 20260408 
902 |a https://opac.biblio.iteso.mx/vufind/Record/000629718